Βιώσιμη ανάπτυξη και στρατηγική επιχειρηματική υπευθυνότητα σε μικρομεσαίες επιχειρήσεις

Αποθηκεύτηκε σε:
Λεπτομέρειες βιβλιογραφικής εγγραφής
Κύριος συγγραφέας: Μανασάκης, Κωνσταντίνος (Συγγραφέας)
Μορφή: Βιβλίο
Γλώσσα:Greek
Δημοσίευση: Αθήνα : Τζιόλας, c2021.
Θέματα:
Ετικέτες: Προσθήκη ετικέτας
Δεν υπάρχουν, Καταχωρήστε ετικέτα πρώτοι!

MARC

LEADER 00000cam a2200000 a 4500
001 1/124142
008 220114t2021####gr | | ||| |||| ||gre||
020 |a 9789604188970   |q (σκληρό εξώφυλλο)  
040 |a GR-MyUa  |b gre  |c GR-MyUa  |e AACR2 
041 0 |a gre 
082 7 |a 658.4083   |2 (23)  
100 1 |a Μανασάκης, Κωνσταντίνος,  |e aut 
245 1 8 |a Βιώσιμη ανάπτυξη και στρατηγική επιχειρηματική υπευθυνότητα σε μικρομεσαίες επιχειρήσεις /   |c Κωνστανντίνος Μανασάκης.  
260 |a Αθήνα :   |b Τζιόλας,   |c c2021.  
300 |a xii, 236 σ. :   |b εικ., πίν. ;   |c 22 εκ.  
504 |a Περιλαμβάνει βιβλιογραφικές παραπομπές.  
650 0 |a Social responsibility of business. 
650 0 |a Strategic planning. 
650 0 |a Sustainable development. 
852 |a INST  |b CHIOS  |c EUDOXUS  |e 20220114  |h 658.4083 ΜΑΝ  |p 005200039546  |q 005200039546  |t EDX  |y 0 
920 |a Εύδοξος  |b Παραγγελία  |y Χίος-ΤΔΕ  |z 2022-01 
970 |a Σπέντζα  |b Ελένη  |z 14-01-2022